000 00358nam a2200145Ia 4500
008 230917s9999||||xx |||||||||||||| ||und||
040 _e52961
_aMAIN
041 _aEnglish
082 _a954.5 K824S
100 _aKohli, Sita Ram
245 0 _aSunset of the Sikh empire
260 _aBombay
_bOrient Longmans
_c1967
300 _aviii, 203 p.
942 _cBK
999 _c190442
_d190442